Представление документа в формате RUSMARC

ПолеНазваниеЗначение
  Тип записи a
  Библиографический уровень m
001 Контрольный номер RU/CBS_UL/BASE/596726488
005 Дата корректировки 20251113105004.6
010 Индекс ISBN __
a ISBN
b Уточнения в пер.
d Цена 1 р. 50 к.
9 Тираж экз.
100 Данные общей обработки __
a Данные общей обработки 20181128d2018 ||| 0rusy0189 ca
101 Язык документа 0_
a Язык текста rus
102 Страна публикации __
a Страна публикации RU
105 Кодированные данные (монография) __
a Кодированные данные (монография) y###||||000|y
200 Заглавие и сведения об ответственности 1_
a Заглавие Бессонная ночь
b Общее обозначение материала Текст
e Сведения, относящиеся к заглавию повести
f Первые сведения об ответственности М. М. Магомедов
g Последующие сведения об ответственности пер. с авар. Махача Магомедова
g Последующие сведения об ответственности послесл. В. Дементьева
210 Выходные данные 1_
a Место издания Москва
c Издательство Молодая гвардия
d Дата издания 1990
215 Физическое описание __
a Объем 352 с.
d Формат см.
300 Общие примечания __
a Общие примечания Ограничения по возрасту - 16+
300 Общие примечания __
a Общие примечания Под инв. номером 33142: Цс-2, 6-1, 18-1
606 Тематические рубрики 0_
a Основная рубрика Дагестанская литература, 20 в. - Проза
610 Ключевые слова 0_
a Ключевые слова литература дагестанская
a Ключевые слова деревня в Дагестанской АССР (х. л.)
a Ключевые слова жизнь аварского аула
a Ключевые слова семейные предания
a Ключевые слова романтическая любовь
686 Индексы других классификаций __
a Классификационный индекс 84(2Рос=Даг)
2 Код системы ББК
700 Автор _1
a Фамилия Магомедов
b Имя (инициалы) Муса Магомедович
g Полное личное имя М. М.
801 Источник записи _0
a Страна RU
b Организация МБУК ЦБС
c Дата составления 20181128
g Правила каталогизации RCR
801 Источник записи _1
a Страна RU
b Организация МБУК ЦБС г. Ульяновска
c Дата составления 20181128
g Правила каталогизации RCR
899 Данные о местонахождении __
i Авторский знак М 12
j Расстановочный фильтр Р6=Даг
901 Тип документа __
t Тип документа m
910 Корректоры записи __
a Корректор записи Хисамова